Recherches anatomiques et paléontologiques pour servir à l'histoire des oiseaux fossiles de la France / (Record no. 24387)
[ view plain ]
| 000 -LEADER | |
|---|---|
| fixed length control field | 01108cam a22002771a 4500 |
| 001 - CONTROL NUMBER | |
| control field | gs 06000107 |
| 003 - CONTROL NUMBER IDENTIFIER | |
| control field | DLC |
| 005 - DATE AND TIME OF LATEST TRANSACTION | |
| control field | 20260227111303.0 |
| 008 - FIXED-LENGTH DATA ELEMENTS--GENERAL INFORMATION | |
| fixed length control field | 821129m18671871fr a 000 0 fre |
| 010 ## - LIBRARY OF CONGRESS CONTROL NUMBER | |
| LC control number | gs 06000107 |
| 035 ## - SYSTEM CONTROL NUMBER | |
| System control number | (OCoLC)8997756 |
| 040 ## - CATALOGING SOURCE | |
| Original cataloging agency | DLC |
| Transcribing agency | PPAN |
| Modifying agency | DLC |
| 042 ## - AUTHENTICATION CODE | |
| Authentication code | premarc |
| 050 00 - LIBRARY OF CONGRESS CALL NUMBER | |
| Classification number | QE871 |
| Item number | .E3 |
| 100 2# - MAIN ENTRY--PERSONAL NAME | |
| Personal name | Milne-Edwards, Alphonse, |
| Dates associated with a name | 1835-1900. |
| 245 10 - TITLE STATEMENT | |
| Title | Recherches anatomiques et paléontologiques pour servir à l'histoire des oiseaux fossiles de la France / |
| Statement of responsibility, etc. | par M. Alphonse Milne-Edwards. |
| 260 ## - PUBLICATION, DISTRIBUTION, ETC. | |
| Place of publication, distribution, etc. | Paris : |
| Name of publisher, distributor, etc. | Victor Masson, |
| Date of publication, distribution, etc. | 1867-1871. |
| 300 ## - PHYSICAL DESCRIPTION | |
| Extent | 2 v. & |
| -- | atlases (2 v., [200] leaves of plates : |
| Other physical details | ill.) |
| 500 ## - GENERAL NOTE | |
| General note | "Ouvrage qui a obtenu le grand Prix des sciences physiques décerné par l'Académie des sciences en 1866." |
| 500 ## - GENERAL NOTE | |
| General note | Vol. 2 and atlas v. 2 have imprint : Paris, G. Masson, 1869-71. |
| 500 ## - GENERAL NOTE | |
| General note | Each plate accompanied by leaf with descriptive letterpress. |
| 500 ## - GENERAL NOTE | |
| General note | Each plate accompanied by leaf with descriptive letterpress. |
| 650 #0 - SUBJECT ADDED ENTRY--TOPICAL TERM | |
| Topical term or geographic name entry element | Birds, Fossil. |
| 650 #0 - SUBJECT ADDED ENTRY--TOPICAL TERM | |
| Topical term or geographic name entry element | Birds |
| Geographic subdivision | France. |
| 650 #0 - SUBJECT ADDED ENTRY--TOPICAL TERM | |
| Topical term or geographic name entry element | Paleontology |
| Geographic subdivision | France. |
No items available.